Lord of the Mysteries True Names - Statistics

General Stats
  • This quiz has been taken 52 times
  • The average score is 15 of 26
Answer Stats
Hint Answer % Correct
The Fool Klein Moretti/Zhou Mingrui
100%
Evernight Goddess Amanises
91%
Mr. Error Amon
89%
Red Angel Medici
83%
Lord of Storms Leodero
80%
Mr. Door Bethel Abraham
77%
Primordial Demoness Cheek
74%
Blood Emperor Alista Tudor
71%
Earth Mother/Sanguine Ancestor Lilith
71%
Angel of Fate Ouroboros
71%
Annihilation Demonic Wolf Flegrea
63%
Death Salinger
60%
Giant King Aurmir
54%
Dragon of Imagination Ankewelt
49%
God of Knowledge and Wisdom Herabergen
49%
Eternal Blazing Sun Aucuses
46%
Black Emperor Solomon
43%
True Creator Grisha
40%
Night Emperor Trunsoest
40%
Devil Monarch Farbauti
37%
Elf King Soniathrym
37%
God of Steam and Machinery Yuggs Stiano
37%
God of Combat Badheil
34%
Phoenix Ancestor Gregace
31%
Mutated King Kvastir
29%
Chained God Tolzna
26%
No matching quizzes found
Score Distribution
Percent of People with Each Score
Percentile by Number Answered
Your Score History
You have not taken this quiz